Tableau des médailles - Jeux Paralympiques Milan Cortina 2026 - Statistiques

Statistiques générales
  • Ce quiz a été pris 13 fois
  • Le résultat moyen est 8 sur 10
Statistiques - réponses
O A B Pays % Correct
15 13 16 Chine
91%
13 5 6 Etats-Unis
91%
4 4 4 France
91%
7 7 2 Italie
91%
3 0 4 Suède
82%
3 4 8 Canada
73%
8 1 3 Russie
73%
7 2 4 Autriche
64%
3 3 1 Pays-Bas
64%
3 8 8 Ukraine
55%
Aucun quiz correspondant
Distribution des résultats
% des personnes avec chaque résultat
Percentile par nombre de réponses
Votre historique - résultats
Vous n’avez pas pris ce quiz